Do Holandska za poučením.
Skúsenosti získané pri odborno-tematickej exkurzii pre pracovníkov poľnohospodárskych podnikov do Holandska. Poľnohospodárska pôda pripadajúca na jedného obyvateľa a jej racionálne využitie. Vybavenie fariem mechanizačnými prostriedkami. Hektárové výnosy obilia, vysoká úžitkovosť hovädzieho dobytka.
Saved in:
| Format: | Book Chapter |
|---|---|
| Language: | Slovak |
| Subjects: | |
| Tags: |
No Tags, Be the first to tag this record!
|
MARC
| LEADER | 00000naa a2200000 4500 | ||
|---|---|---|---|
| 001 | r005453 | ||
| 005 | 20221125075813.7 | ||
| 041 | 0 | |a slo | |
| 044 | |a [CS] | ||
| 245 | 1 | 0 | |a Do Holandska za poučením. |
| 520 | |a Skúsenosti získané pri odborno-tematickej exkurzii pre pracovníkov poľnohospodárskych podnikov do Holandska. Poľnohospodárska pôda pripadajúca na jedného obyvateľa a jej racionálne využitie. Vybavenie fariem mechanizačnými prostriedkami. Hektárové výnosy obilia, vysoká úžitkovosť hovädzieho dobytka. | ||
| 610 | 2 | 0 | |a podnik poľnohospodársky |
| 610 | 2 | 0 | |a Holandsko |
| 610 | 2 | 0 | |a pôda |
| 610 | 2 | 0 | |a využitie pôdy |
| 610 | 2 | 0 | |a farmy |
| 610 | 2 | 0 | |a výnosy hektárové |
| 610 | 2 | 0 | |a dobytkárstvo |
| 610 | 2 | 0 | |a obilniny |
| 610 | 2 | 0 | |a mechanizácia |